| 000 | 00639nam a22002177a 4500 | ||
|---|---|---|---|
| 999 |
_c18185 _d18185 |
||
| 003 | AR-CdUCM | ||
| 008 | 190513b ||||| |||| 00| 0 spa d | ||
| 040 |
_aMUNICIPALIDAD PROVINCIAL DEL CUSCO _cBIBLIOTECA MUNICIPAL DEL CUSCO |
||
| 041 | _hfre | ||
| 082 |
_a848.8 / _bV52 |
||
| 100 |
_aVerne, Julio _910153 |
||
| 245 | _aLos 500 millones de la princesa india / | ||
| 260 |
_aBarcelona : _bMolino, _c1958. |
||
| 300 |
_a159 páginas ; _c19 cm. |
||
| 505 | _aContenido: Novela | ||
| 650 |
_aNovela francesa _92590 |
||
| 650 |
_aSiglo XX. _98 |
||
| 700 |
_aM. E. (traductor) _938639 |
||
| 942 |
_2ddc _cLIBROS |
||
| 945 |
_aacv _d2019-05-13 |
||